| 000 | 00478nam a2200145Ia 4500 | ||
|---|---|---|---|
| 041 | _aArabic | ||
| 082 | _a347 cut-242 ع | ||
| 100 | _a20260118u\\\\\\\\\\\y0engy0103\\\\ba | ||
| 100 | _aمحمد سعيد عبدالرحمن | ||
| 245 | 0 | _aدعوى قطع النزاع دراسة تاصيلية تطبيقية مقارنة في حرية التقاضى | |
| 250 | _aط1 | ||
| 260 |
_bدار النهضة العربية _aالقاهرة _c2000 |
||
| 300 | _a2000 | ||
| 942 | _cBk | ||
| 999 |
_c189616 _d189616 |
||